[Event "Wch Juvenil 2010 sub12 Femenino"]
[Site "Porto Carras GRE"]
[Date "2010.10.26"]
[Round "7.8"]
[White "Khomeriki, Nino"]
[Black "Vasova, Maria"]
[Result "0-1"]
[WhiteElo "1812"]
[BlackElo "1776"]
[PlyCount "114"]
[EventDate "2010.10.20"]
[EventType "swiss"]
[EventRounds "11"]
[EventCountry "GRE"]
[Source "lmi"]
[SourceDate "2010.10.20"]

1. d4 d5 2. e3 Bf5 3. b3 e6 4. Bb2 Nf6 5. Nf3 h6 6. a3 Be7 7. c4 dxc4 8. Bxc4
c6 9. O-O Nbd7 10. Nc3 O-O 11. Bd3 Bxd3 12. Qxd3 a5 13. Rad1 Qc7 14. Ne2 Rfd8
15. Ng3 Qb6 16. Nd2 c5 17. Qb1 cxd4 18. Bxd4 Qa6 19. Qb2 Bc5 20. Bc3 Rac8 21.
b4 axb4 22. axb4 Bf8 23. e4 Qd3 24. Bd4 Rc2 25. Qb1 Rdc8 26. Nb3 Qa6 27. e5 Nd5
28. Nc5 R2xc5 29. bxc5 Nxc5 30. Rd2 Na4 31. Rc2 Rxc2 32. Qxc2 b5 33. Ra1 Qa5
34. Qb3 Ndc3 35. Bxc3 Qxc3 36. Qxc3 Nxc3 37. Nf1 Ne2+ 38. Kh1 Bc5 39. Ra2 Nc3
40. Nd2 Nxa2 41. Kg1 Nc1 42. Kf1 b4 43. f3 b3 44. Ke1 b2 45. Kd1 b1=Q 46. Nxb1
Nd3 47. Ke2 Nxe5 48. f4 Ng6 49. Kf3 Kf8 50. Nc3 Ke7 51. Ne4 Bd4 52. g4 f5 53.
Ng3 Nh4+ 54. Ke2 fxg4 55. Kd3 Bg1 56. Ke4 Bxh2 57. Nf1 g3 0-1

[Event "Wch Juvenil 2010 sub12 Femenino"]
[Site "Porto Carras GRE"]
[Date "2010.10.26"]
[Round "7.9"]
[White "Menzi, Nezihe Ezgi"]
[Black "Goryachkina, Aleksandra"]
[Result "1-0"]
[WhiteElo "1818"]
[BlackElo "2057"]
[PlyCount "37"]
[EventDate "2010.10.20"]
[EventType "swiss"]
[EventRounds "11"]
[EventCountry "GRE"]
[Source "lmi"]
[SourceDate "2010.10.20"]

1. e4 c5 2. Nf3 e6 3. c3 d5 4. exd5 Qxd5 5. d4 Nf6 6. Bd3 Nc6 7. O-O Be7 8. Be3
cxd4 9. cxd4 O-O 10. Nc3 Qd6 11. a3 b6 12. Qe2 Bb7 13. Rad1 Rac8 14. Rfe1 Rfd8
15. Bg5 Na5 16. Bb1 Nc4 17. d5 e5 18. Bf5 Nd7 19. Ne4 1-0

[Event "Wch Juvenil 2010 sub12 Femenino"]
[Site "Porto Carras GRE"]
[Date "2010.10.27"]
[Round "8.1"]
[White "Osmak, Iulija"]
[Black "Vasenina, Anna"]
[Result "1-0"]
[WhiteElo "1979"]
[BlackElo "1844"]
[PlyCount "59"]
[EventDate "2010.10.20"]
[EventType "swiss"]
[EventRounds "11"]
[EventCountry "GRE"]
[Source "lmi"]
[SourceDate "2010.10.20"]

1. b4 c6 2. Bb2 Qb6 3. a3 a5 4. c4 d6 5. d4 axb4 6. c5 dxc5 7. dxc5 Qc7 8. axb4
Rxa1 9. Bxa1 b6 10. Nf3 bxc5 11. bxc5 Nd7 12. e3 Qa5+ 13. Bc3 Qxc5 14. Be2 e5
15. Qb3 e4 16. Nfd2 Ngf6 17. Bc4 Qh5 18. Bxf6 Nxf6 19. Qb8 Kd7 20. Nc3 Qa5 21.
O-O Qxc3 22. Qa7+ Kd8 23. Rd1 Bd6 24. Bxf7 Bg4 25. Nf3 exf3 26. Rxd6+ Bd7 27.
Rd1 Ke7 28. Bh5 fxg2 29. Qc7 Rd8 30. Qd6# 1-0

[Event "Wch Juvenil 2010 sub12 Femenino"]
[Site "Porto Carras GRE"]
[Date "2010.10.27"]
[Round "8.2"]
[White "Ivana, Maria Furtado"]
[Black "Li, Zhuoling"]
[Result "1/2-1/2"]
[WhiteElo "1924"]
[BlackElo "1863"]
[PlyCount "97"]
[EventDate "2010.10.20"]
[EventType "swiss"]
[EventRounds "11"]
[EventCountry "GRE"]
[Source "lmi"]
[SourceDate "2010.10.20"]

1. d4 Nf6 2. Nf3 g6 3. c4 d5 4. Nc3 Bg7 5. Bf4 c6 6. cxd5 cxd5 7. e3 O-O 8. Be2
Nc6 9. O-O Bf5 10. Rc1 Rc8 11. h3 h5 12. Nh4 Be6 13. Nf3 Bf5 14. Ne5 Nxe5 15.
Bxe5 Ne4 16. Bxg7 Kxg7 17. Nxe4 Bxe4 18. Qb3 Qa5 19. Rxc8 Rxc8 20. Qxb7 Rc2 21.
Bd1 Rc7 22. Qb3 Qa6 23. f3 Bd3 24. Rf2 Rc1 25. Rd2 Bc4 26. Qb4 Qxa2 27. Kh2 Qb1
28. Qxe7 Rxd1 29. Rxd1 Qxd1 30. Qe5+ Kh7 31. Qe7 Kg7 32. Qe5+ Kf8 33. Qb8+ Ke7
34. Qxa7+ Kf6 35. Qc7 Ke6 36. Qe5+ Kd7 37. Qf6 Qc2 38. Qxf7+ Kc6 39. e4 dxe4
40. Qxg6+ Kd5 41. fxe4+ Qxe4 42. Qxh5+ Kxd4 43. Qg4 Qxg4 44. hxg4 Ke5 45. Kg3
Kf6 46. Kf4 Bf1 47. g3 Kg6 48. b4 Bb5 49. Ke4 1/2-1/2

[Event "Wch Juvenil 2010 sub12 Femenino"]
[Site "Porto Carras GRE"]
[Date "2010.10.27"]
[Round "8.3"]
[White "Sunyasakta, Satpathy"]
[Black "Peng, Jackie"]
[Result "0-1"]
[WhiteElo "1899"]
[BlackElo "1793"]
[PlyCount "54"]
[EventDate "2010.10.20"]
[EventType "swiss"]
[EventRounds "11"]
[EventCountry "GRE"]
[Source "lmi"]
[SourceDate "2010.10.20"]

1. e4 c5 2. d4 cxd4 3. c3 Nf6 4. e5 Nd5 5. Nf3 Nc6 6. Bc4 Nb6 7. Bb3 d5 8. exd6
Qxd6 9. cxd4 e6 10. Nc3 Be7 11. O-O O-O 12. Be3 Nd5 13. Nxd5 exd5 14. Qd2 Bg4
15. Bf4 Qg6 16. Bxd5 Bb4 17. Qd1 Rad8 18. Bxc6 bxc6 19. Be3 Bd6 20. Re1 Rfe8
21. Rc1 Re6 22. Kf1 Bxh2 23. Qc2 Qh5 24. Nxh2 Qxh2 25. f3 Bh5 26. Qf2 Bg6 27.
Rcd1 Rde8 0-1

[Event "Wch Juvenil 2010 sub12 Femenino"]
[Site "Porto Carras GRE"]
[Date "2010.10.27"]
[Round "8.4"]
[White "Derakhshani, Dorsa"]
[Black "Malatsilava, Volha"]
[Result "1-0"]
[WhiteElo "1799"]
[BlackElo "1842"]
[PlyCount "126"]
[EventDate "2010.10.20"]
[EventType "swiss"]
[EventRounds "11"]
[EventCountry "GRE"]
[Source "lmi"]
[SourceDate "2010.10.20"]

1. e4 e5 2. Nf3 Nc6 3. d4 exd4 4. Nxd4 Qh4 5. Nc3 Bb4 6. Ndb5 Ba5 7. Qf3 a6 8.
Na3 Nf6 9. Bd2 Bxc3 10. Bxc3 Qxe4+ 11. Qxe4+ Nxe4 12. Bxg7 Rg8 13. Bh6 d5 14.
Bf4 Kd8 15. f3 Re8 16. Be3 d4 17. O-O-O Bd7 18. Bxd4 Nxd4 19. Rxd4 Nd6 20. Bd3
h6 21. Nc4 Nb5 22. Rh4 Ke7 23. Rxh6 Rad8 24. Re1+ Be6 25. Bf5 Rh8 26. Rxh8 Rxh8
27. Bxe6 fxe6 28. h3 Kf6 29. c3 Rh7 30. Kd2 c6 31. Rh1 Kf5 32. Ke3 Nc7 33. g4+
Kf6 34. h4 Nd5+ 35. Ke4 Nc7 36. f4 Ne8 37. g5+ Ke7 38. f5 exf5+ 39. Kxf5 Rf7+
40. Kg4 Rg7 41. h5 Nf6+ 42. Kf5 Nd5 43. h6 Rf7+ 44. Ke5 Nf4 45. Ne3 Ng6+ 46.
Ke4 Rf4+ 47. Kd3 Ke6 48. h7 Rf8 49. Rh6 Kf7 50. Nf5 Rh8 51. Nh4 Ne7 52. Ke4 a5
53. a4 b5 54. b3 b4 55. c4 c5 56. Kf4 Kg7 57. Nf5+ Nxf5 58. Kxf5 Rf8+ 59. Rf6
Re8 60. g6 Kh8 61. Re6 Rf8+ 62. Kg5 Rd8 63. Kh6 Re8 1-0

[Event "Wch Juvenil 2010 sub12 Femenino"]
[Site "Porto Carras GRE"]
[Date "2010.10.27"]
[Round "8.5"]
[White "Vasova, Maria"]
[Black "Mahalakshmi, M."]
[Result "0-1"]
[WhiteElo "1776"]
[BlackElo "1815"]
[PlyCount "120"]
[EventDate "2010.10.20"]
[EventType "swiss"]
[EventRounds "11"]
[EventCountry "GRE"]
[Source "lmi"]
[SourceDate "2010.10.20"]

1. e4 c6 2. d4 d5 3. Nc3 dxe4 4. Nxe4 Bf5 5. Ng3 Bg6 6. Nf3 Nd7 7. h4 h6 8. h5
Bh7 9. Bd3 Bxd3 10. Qxd3 Ngf6 11. Bd2 Qc7 12. O-O-O e6 13. Ne2 Bd6 14. Kb1
O-O-O 15. Be3 Ng4 16. Nd2 Ndf6 17. Nc4 Nd5 18. Nxd6+ Rxd6 19. Rhf1 Rhd8 20. Bc1
c5 21. Qa3 cxd4 22. Qxa7 Nb6 23. Bd2 Nc4 24. Qa8+ Kd7 25. Qa4+ Qc6 26. Qxc6+
Kxc6 27. Bb4 R6d7 28. b3 Nb6 29. Rd3 e5 30. f3 Ne3 31. Rc1 Kb5 32. Bd2 Nf5 33.
g4 Ne7 34. c3 dxc3 35. Nxc3+ Ka6 36. Rxd7 Nxd7 37. Ne4 Nc6 38. Be3 Nd4 39. Rd1
Nb6 40. Nc5+ Kb5 41. Ne4 Rd7 42. Bxd4 exd4 43. Rd3 Kc6 44. Kc2 Kd5 45. Nc3+ Ke5
46. Ne2 Rd5 47. b4 Na4 48. Kb3 b5 49. Ng3 g6 50. hxg6 fxg6 51. Ne2 h5 52. gxh5
gxh5 53. Rd1 h4 54. Kc2 h3 55. Kd2 d3 56. Nc1 Kf4 57. Nxd3+ Rxd3+ 58. Kxd3 Nb2+
59. Kc2 Nxd1 60. Kxd1 h2 0-1

[Event "Wch Juvenil 2010 sub12 Femenino"]
[Site "Porto Carras GRE"]
[Date "2010.10.27"]
[Round "8.6"]
[White "Hua, Margaret"]
[Black "Menzi, Nezihe Ezgi"]
[Result "1-0"]
[WhiteElo "1943"]
[BlackElo "1818"]
[PlyCount "145"]
[EventDate "2010.10.20"]
[EventType "swiss"]
[EventRounds "11"]
[EventCountry "GRE"]
[Source "lmi"]
[SourceDate "2010.10.20"]

1. e4 e5 2. Bc4 Nf6 3. d3 c6 4. Nf3 d5 5. exd5 cxd5 6. Bb5+ Bd7 7. Bxd7+ Nbxd7
8. Qe2 Bd6 9. O-O O-O 10. Bg5 h6 11. Bh4 Qc7 12. Bg3 Nh5 13. c3 Nxg3 14. hxg3
f5 15. Nbd2 Nf6 16. Rfe1 Rae8 17. Nf1 g5 18. N3h2 Qd7 19. Ne3 f4 20. Neg4 fxg3
21. fxg3 Qg7 22. Nxf6+ Rxf6 23. Ng4 Rfe6 24. Ne3 e4 25. Nf5 Qe5 26. Qg4 Bc7 27.
d4 Qf6 28. Ne3 Rd6 29. Rf1 Qg6 30. Rf5 Red8 31. Raf1 Qe6 32. Qh5 Qg6 33. Qxg6+
Rxg6 34. Nxd5 Bd6 35. Nf6+ Kg7 36. Nxe4 Rd7 37. Nxd6 Rgxd6 38. Re1 Ra6 39. a3
Rb6 40. Re2 Kg6 41. Rfe5 Kf6 42. g4 Rbd6 43. Kf1 a6 44. Ke1 b5 45. Kd1 Rb7 46.
d5 Rbd7 47. Re6+ Kf7 48. Rxd6 Rxd6 49. Rd2 Kf6 50. Rf2+ Ke5 51. Rf5+ Ke4 52.
Kc2 Rg6 53. Kb3 Rg7 54. Rf6 Kxd5 55. Rxh6 Ke4 56. Rf6 Rh7 57. Rf5 Rg7 58. Kb4
Rg6 59. c4 bxc4 60. Kxc4 Rc6+ 61. Kb4 Rc2 62. Kb3 Rxg2 63. Rxg5 Kf4 64. Ra5
Rg3+ 65. Ka2 Kxg4 66. Rxa6 Kf4 67. Re6 Kf5 68. Re8 Kf6 69. b4 Kf7 70. Re1 Kf6
71. b5 Rg5 72. a4 Rc5 73. Kb3 1-0

[Event "Wch Juvenil 2010 sub12 Femenino"]
[Site "Porto Carras GRE"]
[Date "2010.10.27"]
[Round "8.7"]
[White "Vu, Thi Dieu Ai"]
[Black "Gal, Hanna Krisztina"]
[Result "1-0"]
[WhiteElo "1801"]
[BlackElo "1902"]
[PlyCount "83"]
[EventDate "2010.10.20"]
[EventType "swiss"]
[EventRounds "11"]
[EventCountry "GRE"]
[Source "lmi"]
[SourceDate "2010.10.20"]

1. d4 e6 2. c4 b6 3. Nc3 Bb7 4. e3 Bb4 5. Nf3 Bxc3+ 6. bxc3 f5 7. Be2 Nf6 8.
Ba3 Ne4 9. Qb3 Qf6 10. Rd1 d6 11. O-O O-O 12. Ne1 Qg5 13. f4 Qh6 14. c5 Rf6 15.
Bf3 d5 16. Nd3 Nc6 17. Ne5 Nxe5 18. dxe5 Rf7 19. Be2 g5 20. Rf3 g4 21. Rff1 g3
22. h3 Nf2 23. Bf3 Nxd1 24. Rxd1 c6 25. c4 bxc5 26. Bxc5 Qg7 27. a4 Ba6 28.
cxd5 cxd5 29. Bxd5 exd5 30. e6 Rb7 31. Qxd5 Rab8 32. e7+ Qf7 33. Qd8+ Kg7 34.
Qd4+ Qf6 35. Qd2 Kg6 36. Qe1 Qb2 37. Qxg3+ Kf7 38. Rd8 Qc1+ 39. Kh2 Rxd8 40.
exd8=Q Ke6 41. Qgg8+ Rf7 42. Qge8+ 1-0

[Event "Wch Juvenil 2010 sub12 Femenino"]
[Site "Porto Carras GRE"]
[Date "2010.10.27"]
[Round "8.8"]
[White "Rakic, Teodora"]
[Black "Rodionova, Daria"]
[Result "1/2-1/2"]
[WhiteElo "1708"]
[BlackElo "1856"]
[PlyCount "155"]
[EventDate "2010.10.20"]
[EventType "swiss"]
[EventRounds "11"]
[EventCountry "GRE"]
[Source "lmi"]
[SourceDate "2010.10.20"]

1. d4 d5 2. c4 e6 3. Nf3 c6 4. Qc2 f5 5. h3 Nf6 6. g4 Bd6 7. Rg1 Qe7 8. Bd2 b6
9. Ne5 Bxe5 10. dxe5 Ne4 11. Nc3 Nxd2 12. Qxd2 dxc4 13. O-O-O O-O 14. e3 b5 15.
f4 a5 16. Bg2 Qc5 17. Qd4 Qxd4 18. Rxd4 Ra7 19. a4 Bd7 20. Rf1 g6 21. Rd6 Kf7
22. e4 fxg4 23. hxg4 Ke7 24. Bh3 b4 25. Nd1 c5 26. Ne3 Bxa4 27. f5 Ra6 28. f6+
Kf7 29. Rxa6 Nxa6 30. Nxc4 Nc7 31. Nxa5 Bb5 32. Rd1 Rb8 33. Bf1 Bxf1 34. Rxf1
Ra8 35. Nb3 h5 36. gxh5 gxh5 37. Rd1 Nb5 38. Rd7+ Kg8 39. Rb7 c4 40. Rxb5 cxb3
41. Rxb4 Ra5 42. Rxb3 Rxe5 43. Rh3 Kf7 44. Kd2 Kxf6 45. Kd3 Kg5 46. Kd4 Rb5 47.
b3 Kg4 48. Rh1 Rxb3 49. Ke5 Rb4 50. Rg1+ Kf3 51. Rf1+ Kg2 52. Rf6 Rb6 53. Rh6
Kf3 54. Rf6+ Ke3 55. Rh6 Rb5+ 56. Kd6 Kxe4 57. Rxe6+ Kf4 58. Rf6+ Kg4 59. Kc6
Ra5 60. Rf1 Ra3 61. Kd5 Re3 62. Kd4 Re8 63. Kd3 h4 64. Rg1+ Kf3 65. Rf1+ Kg2
66. Rf7 h3 67. Rg7+ Kh1 68. Kd2 Kh2 69. Rg6 Re7 70. Rg8 Re6 71. Rg7 Re5 72. Rg4
Re8 73. Rg7 Re4 74. Rg8 Re5 75. Rg4 Re7 76. Rg8 Re6 77. Rg7 Re5 78. Rg4 1/2-1/2

[Event "Wch Juvenil 2010 sub12 Femenino"]
[Site "Porto Carras GRE"]
[Date "2010.10.27"]
[Round "8.10"]
[White "Kisteneva, Liza"]
[Black "Khomeriki, Nino"]
[Result "1/2-1/2"]
[WhiteElo "1953"]
[BlackElo "1812"]
[PlyCount "134"]
[EventDate "2010.10.20"]
[EventType "swiss"]
[EventRounds "11"]
[EventCountry "GRE"]
[Source "lmi"]
[SourceDate "2010.10.20"]

1. d4 d5 2. Nf3 e6 3. c4 c6 4. g3 f5 5. Bg2 Nf6 6. O-O Be7 7. b3 O-O 8. Ba3
Bxa3 9. Nxa3 Nbd7 10. e3 Ne4 11. Ne1 Qg5 12. Nac2 Ndf6 13. f3 Nd6 14. Qe2 b6
15. Nd3 h5 16. Ne5 Bb7 17. Rac1 a5 18. Rfd1 Rac8 19. Ne1 Qh6 20. c5 Nf7 21.
Nxf7 Rxf7 22. cxb6 Nd7 23. Nd3 Nxb6 24. Nc5 Qf6 25. Nxb7 Rxb7 26. Qa6 Qe7 27.
Qxa5 h4 28. Rc2 hxg3 29. hxg3 Qg5 30. Kf2 Qe7 31. Rdc1 Qd6 32. Qc5 Qxc5 33.
Rxc5 Rbc7 34. b4 Nd7 35. R5c3 Ra7 36. a3 Kf7 37. Bf1 Rca8 38. Rxc6 Rxa3 39. Rc7
Ra2+ 40. R1c2 Ke7 41. b5 Rxc2+ 42. Rxc2 Ra7 43. Bd3 Nb6 44. Ke2 Kd7 45. Kd2 Ra1
46. Be2 Ra3 47. Rc6 Ra2+ 48. Ke1 Nc8 49. Kf2 g5 50. Ra6 Rb2 51. Ra1 Rc2 52. Rh1
Nd6 53. Rh7+ Ke8 54. b6 Nf7 55. Rg7 Rb2 56. Rg8+ Kd7 57. Rb8 Nd6 58. b7 Rxb7
59. Rxb7+ Nxb7 60. Bb5+ Kc7 61. Ba6 Nd6 62. Bd3 Kb6 63. g4 Ka5 64. gxf5 exf5
65. Bb1 Kb4 66. Ba2 Nc4 67. Bb1 Nd6 1/2-1/2

[Event "Wch Juvenil 2010 sub12 Femenino"]
[Site "Porto Carras GRE"]
[Date "2010.10.28"]
[Round "9.2"]
[White "Li, Zhuoling"]
[Black "Derakhshani, Dorsa"]
[Result "1/2-1/2"]
[WhiteElo "1863"]
[BlackElo "1799"]
[PlyCount "98"]
[EventDate "2010.10.20"]
[EventType "swiss"]
[EventRounds "11"]
[EventCountry "GRE"]
[Source "lmi"]
[SourceDate "2010.10.20"]

1. e4 e5 2. Nf3 Nc6 3. Bb5 a6 4. Ba4 d6 5. O-O Bd7 6. c3 Nge7 7. Re1 Ng6 8. d4
Be7 9. h3 h6 10. Bb3 Bg5 11. Nbd2 Qf6 12. Nf1 Bxc1 13. Rxc1 Nf4 14. Ne3 Ne7 15.
dxe5 dxe5 16. Nd5 Nexd5 17. exd5 Qg6 18. Rxe5+ Kd8 19. g3 Nxh3+ 20. Kf1 Ng5 21.
Nh4 Qf6 22. Re3 h5 23. Qd4 Qxd4 24. cxd4 Re8 25. Rce1 Bh3+ 26. Kg1 Kd7 27. f4
Nh7 28. d6 Rxe3 29. Rxe3 Kxd6 30. Bxf7 Nf6 31. Nf3 Bg4 32. Ne5 Bf5 33. Nc4+ Kd7
34. Re5 g6 35. Ne3 Rf8 36. Nxf5 Rxf7 37. Nh4 Rg7 38. Kg2 Nh7 39. Rd5+ Ke6 40.
Re5+ Kd7 41. Kf3 g5 42. Ng2 Kd6 43. Ne3 Rf7 44. Nc4+ Kd7 45. Re2 Rf8 46. Ne5+
Kd6 47. Rh2 gxf4 48. gxf4 Nf6 49. f5 Nd5 1/2-1/2

[Event "Wch Juvenil 2010 sub12 Femenino"]
[Site "Porto Carras GRE"]
[Date "2010.10.28"]
[Round "9.3"]
[White "Mahalakshmi, M."]
[Black "Hua, Margaret"]
[Result "1-0"]
[WhiteElo "1815"]
[BlackElo "1943"]
[PlyCount "121"]
[EventDate "2010.10.20"]
[EventType "swiss"]
[EventRounds "11"]
[EventCountry "GRE"]
[Source "lmi"]
[SourceDate "2010.10.20"]

1. d4 d5 2. c4 e6 3. Nc3 Nf6 4. Bg5 Be7 5. e3 O-O 6. Nf3 h6 7. Bh4 Ne4 8. Bxe7
Qxe7 9. cxd5 Nxc3 10. bxc3 exd5 11. Be2 Nc6 12. O-O b6 13. Bb5 Na5 14. Ne5 Bb7
15. Qd3 Qd6 16. f4 a6 17. Ba4 f5 18. Bb3 Nc6 19. c4 Kh7 20. a3 Nxe5 21. fxe5
dxc4 22. exd6 cxd3 23. dxc7 Rf6 24. Rac1 Rc8 25. d5 Rd6 26. Rxf5 d2 27. Rd1
Rxc7 28. Rxd2 Rc3 29. Bc2 Kg8 30. Rdf2 Rf6 31. d6 Rxf5 32. Bxf5 Rc1+ 33. Rf1
Rxf1+ 34. Kxf1 Kf7 35. g3 Bc6 36. Ke2 a5 37. Kd3 g6 38. Bc8 b5 39. e4 Ke8 40.
e5 Kd8 41. Bh3 b4 42. axb4 a4 43. Be6 Ke8 44. Ba2 h5 45. e6 Bf3 46. Kc3 Be2 47.
Bb1 Bb5 48. Bxg6+ Kd8 49. e7+ Kc8 50. e8=Q+ Bxe8 51. Bxe8 Kd8 52. Bxa4 Kc8 53.
h3 Kd8 54. g4 hxg4 55. hxg4 Kc8 56. g5 Kb7 57. g6 Ka6 58. g7 Kb6 59. g8=Q Ka7
60. d7 Kb7 61. d8=Q 1-0

[Event "Wch Juvenil 2010 sub12 Femenino"]
[Site "Porto Carras GRE"]
[Date "2010.10.28"]
[Round "9.4"]
[White "Ivana, Maria Furtado"]
[Black "Hojjatova, Aydan Hikmat"]
[Result "1-0"]
[WhiteElo "1924"]
[BlackElo "1818"]
[PlyCount "95"]
[EventDate "2010.10.20"]
[EventType "swiss"]
[EventRounds "11"]
[EventCountry "GRE"]
[Source "lmi"]
[SourceDate "2010.10.20"]

1. d4 Nf6 2. Nf3 g6 3. c4 Bg7 4. Nc3 O-O 5. e4 d6 6. Be2 e5 7. O-O Nc6 8. d5
Ne7 9. b4 a5 10. Ba3 b6 11. bxa5 Nh5 12. Nd2 Nf4 13. Bf3 f5 14. Nb3 bxa5 15. c5
Ba6 16. Re1 Nd3 17. Re3 a4 18. cxd6 cxd6 19. Nc1 Nxc1 20. Bxc1 Bc4 21. Ba3 Qd7
22. Rb1 Bh6 23. Re1 Rfc8 24. Rb6 Ra6 25. Rxa6 Bxa6 26. Nxa4 Rb8 27. Nc3 Bc4 28.
Be2 Bxe2 29. Qxe2 Ra8 30. Bb4 Bg7 31. a3 fxe4 32. Nxe4 Qb7 33. Nxd6 Qxd5 34.
Qc4 Qxc4 35. Nxc4 Nc6 36. Bd6 Ra4 37. Re4 Bf8 38. Nd2 Rxe4 39. Nxe4 Bxd6 40.
Nxd6 Kf8 41. f3 Ke7 42. Ne4 h6 43. Kf2 Nd4 44. a4 Ke6 45. a5 Kd5 46. Nf6+ Kc5
47. a6 Nb5 48. Ng4 1-0

[Event "Wch Juvenil 2010 sub12 Femenino"]
[Site "Porto Carras GRE"]
[Date "2010.10.28"]
[Round "9.5"]
[White "Vasenina, Anna"]
[Black "Vu, Thi Dieu Ai"]
[Result "1-0"]
[WhiteElo "1844"]
[BlackElo "1801"]
[PlyCount "77"]
[EventDate "2010.10.20"]
[EventType "swiss"]
[EventRounds "11"]
[EventCountry "GRE"]
[Source "lmi"]
[SourceDate "2010.10.20"]

1. e4 c5 2. Nf3 d6 3. d4 cxd4 4. Nxd4 Nf6 5. Nc3 e6 6. Be3 a6 7. f3 Be7 8. Qd2
b5 9. a3 Bb7 10. g4 Nc6 11. Nxc6 Bxc6 12. a4 Qa5 13. b4 Qxb4 14. axb5 axb5 15.
Rxa8+ Bxa8 16. Bxb5+ Kf8 17. O-O d5 18. Ra1 Bb7 19. e5 Nxg4 20. Rb1 Nxe5 21.
Be2 Qd6 22. Rxb7 g5 23. Nb5 Qd8 24. Bd4 Bf6 25. Qc3 Nd7 26. Rxd7 Bxd4+ 27. Qxd4
Qxd7 28. Qxh8+ Ke7 29. Qxh7 Qc6 30. Kg2 Qc5 31. Qd3 Qb6 32. Qd2 f6 33. Qb4+ Kd7
34. Qf8 Qe3 35. Qd6+ Ke8 36. Nc7+ Kf7 37. Qd7+ Kg6 38. Bd3+ f5 39. Qxe6+ 1-0

[Event "Wch Juvenil 2010 sub12 Femenino"]
[Site "Porto Carras GRE"]
[Date "2010.10.28"]
[Round "9.6"]
[White "Malatsilava, Volha"]
[Black "Sunyasakta, Satpathy"]
[Result "0-1"]
[WhiteElo "1842"]
[BlackElo "1899"]
[PlyCount "88"]
[EventDate "2010.10.20"]
[EventType "swiss"]
[EventRounds "11"]
[EventCountry "GRE"]
[Source "lmi"]
[SourceDate "2010.10.20"]

1. e4 e5 2. Nc3 Nf6 3. Bc4 Nc6 4. d3 h6 5. Nf3 d6 6. h3 Na5 7. Be3 Nxc4 8. dxc4
b6 9. Qd3 Bb7 10. O-O-O Be7 11. Kb1 Qd7 12. Nd5 O-O-O 13. Kc1 Nxd5 14. cxd5 Qa4
15. a3 Ba6 16. Qd2 Qxe4 17. Rhe1 Qa4 18. Ng1 f5 19. g3 Rde8 20. Ne2 g5 21. Nc3
Qd7 22. f4 Rhg8 23. fxe5 dxe5 24. g4 fxg4 25. Ne4 gxh3 26. Qc3 Rg6 27. Qb3 Qb5
28. Qc3 Qd7 29. Qb3 g4 30. c4 g3 31. d6 cxd6 32. c5 bxc5 33. Nc3 Qb7 34. Qc2
Reg8 35. Bxc5 h2 36. Qf5+ Qd7 37. Qh5 Qg4 38. Qxg4+ Rxg4 39. Nd5 Bg5+ 40. Be3
Bxe3+ 41. Nxe3 R4g6 42. Ng2 Bb7 43. Rd2 Bxg2 44. Rxg2 Rf6 0-1

[Event "Wch Juvenil 2010 sub12 Femenino"]
[Site "Porto Carras GRE"]
[Date "2010.10.28"]
[Round "9.7"]
[White "Rodionova, Daria"]
[Black "Vasova, Maria"]
[Result "1-0"]
[WhiteElo "1856"]
[BlackElo "1776"]
[PlyCount "111"]
[EventDate "2010.10.20"]
[EventType "swiss"]
[EventRounds "11"]
[EventCountry "GRE"]
[Source "lmi"]
[SourceDate "2010.10.20"]

1. e4 e5 2. d4 exd4 3. Qxd4 Nc6 4. Qe3 Nf6 5. Nc3 Bb4 6. Bd2 O-O 7. O-O-O Re8
8. Bc4 d6 9. f3 a5 10. a3 Bc5 11. Qe2 Ne5 12. h4 Nxc4 13. Qxc4 c6 14. a4 Rb8
15. h5 b5 16. Qd3 Be6 17. Bf4 Bc4 18. Qd2 b4 19. Nce2 Qb6 20. Ng3 Rbd8 21. Kb1
d5 22. e5 Nd7 23. Nf5 Nxe5 24. Bxe5 Rxe5 25. Qg5 Rxf5 26. Qxf5 b3 27. c3 h6 28.
g4 Be3 29. f4 d4 30. cxd4 Rxd4 31. Qc8+ Kh7 32. Nf3 Rxd1+ 33. Rxd1 Bd5 34. Qf5+
Kg8 35. g5 Qb4 36. Qc8+ Kh7 37. g6+ fxg6 38. hxg6+ Kxg6 39. Qe8+ Kh7 40. Qxe3
Be4+ 41. Kc1 Qxa4 42. Kd2 Qb4+ 43. Ke2 a4 44. Nd4 Qc4+ 45. Kf2 Bc2 46. Ra1 c5
47. Ne6 Bf5 48. Nxc5 Qc2+ 49. Kg3 Qxb2 50. Rxa4 Bc2 51. Rb4 Qa3 52. Rb6 Qa5 53.
Nxb3 Qf5 54. Nd4 Qd3 55. Nxc2 Qxc2 56. Re6 1-0

[Event "Wch Juvenil 2010 sub12 Femenino"]
[Site "Porto Carras GRE"]
[Date "2010.10.28"]
[Round "9.8"]
[White "Rosales, Pierina"]
[Black "Liao, Rui"]
[Result "0-1"]
[WhiteElo "1785"]
[BlackElo "1830"]
[PlyCount "114"]
[EventDate "2010.10.20"]
[EventType "swiss"]
[EventRounds "11"]
[EventCountry "GRE"]
[Source "lmi"]
[SourceDate "2010.10.20"]

1. d4 d5 2. c4 c6 3. Nf3 Nf6 4. Nc3 e6 5. Bg5 dxc4 6. e4 b5 7. e5 h6 8. Bh4 g5
9. Nxg5 hxg5 10. Bxg5 Nbd7 11. exf6 Bb7 12. g3 Qb6 13. Bg2 c5 14. d5 O-O-O 15.
O-O b4 16. Rb1 Qa6 17. Ne2 Nb6 18. Qc2 exd5 19. Qf5+ Kb8 20. Bf4+ Bd6 21. Bxd6+
Rxd6 22. Qe5 Rhd8 23. Nf4 Ka8 24. Qe7 d4 25. Qxf7 Bxg2 26. Nxg2 Nd5 27. h4 Nxf6
28. g4 R6d7 29. Qg6 Rg8 30. Qf5 Rxg4 31. f3 Rg8 32. Qxc5 Rb8 33. Rfd1 Qb5 34.
Qg5 Qxg5 35. hxg5 Nh5 36. Kf2 d3 37. Rbc1 Rc8 38. f4 c3 39. bxc3 bxc3 40. Ke3
Re8+ 41. Kf3 c2 42. Rd2 Rb8 43. f5 Rb1 44. Rcxc2 dxc2 45. Rxc2 Ng7 46. f6 Ne6
47. Kg4 Rb5 48. Rc8+ Kb7 49. Rg8 Rdd5 50. g6 Rg5+ 51. Kh3 Rb1 52. Kh2 Rb2 53.
f7 Rbxg2+ 54. Kh1 Rg1+ 55. Kh2 R5g2+ 56. Kh3 Nf4+ 57. Kh4 Rh1# 0-1

[Event "Wch Juvenil 2010 sub12 Femenino"]
[Site "Porto Carras GRE"]
[Date "2010.10.28"]
[Round "9.9"]
[White "Paramzina, Anastasya"]
[Black "Rakic, Teodora"]
[Result "1/2-1/2"]
[WhiteElo "1830"]
[BlackElo "1708"]
[PlyCount "121"]
[EventDate "2010.10.20"]
[EventType "swiss"]
[EventRounds "11"]
[EventCountry "GRE"]
[Source "lmi"]
[SourceDate "2010.10.20"]

1. e4 c6 2. d4 d5 3. e5 Bf5 4. c4 e6 5. Nc3 Ne7 6. a3 dxc4 7. Bxc4 Nd5 8. Nge2
Be7 9. O-O O-O 10. Ng3 Bg6 11. f4 b5 12. Bxd5 cxd5 13. Nxb5 Qb6 14. Nc3 Nc6 15.
f5 exf5 16. Nxd5 Qd8 17. Nxe7+ Nxe7 18. Bg5 f6 19. exf6 gxf6 20. Bh6 Re8 21.
Kh1 Qb6 22. b4 Rad8 23. Qb3+ Kh8 24. Rad1 Rc8 25. Ne2 Ng8 26. Be3 f4 27. Nxf4
Bc2 28. Qf7 Bxd1 29. Bg1 Bc2 30. d5 Qc7 31. Qh5 Qe5 32. Qh4 Qg5 33. Qxg5 fxg5
34. Bd4+ Nf6 35. Bxf6+ Kg8 36. Bxg5 Ba4 37. d6 Re5 38. Bh4 Rf5 39. g3 Bd7 40.
Re1 Re8 41. Rc1 Rc8 42. Rc7 Rxc7 43. dxc7 a5 44. bxa5 Rxa5 45. Kg1 Bc8 46. Be7
Kf7 47. Bb4 Ra7 48. Nd5 Ke6 49. Nb6 Rxc7 50. Nxc8 Rxc8 51. Kg2 Rc2+ 52. Kh3 Kf5
53. g4+ Kg5 54. Kg3 Rc4 55. h4+ Kf6 56. h5 Rc8 57. Kh4 Rc4 58. Ba5 Ke6 59. Bb6
Ra4 60. Kg5 Kf7 61. Bc7 1/2-1/2

[Event "Wch Juvenil 2010 sub12 Femenino"]
[Site "Porto Carras GRE"]
[Date "2010.10.28"]
[Round "9.10"]
[White "Mammadzada, Gunay Vuqar"]
[Black "Goryachkina, Aleksandra"]
[Result "0-1"]
[WhiteElo "1815"]
[BlackElo "2057"]
[PlyCount "102"]
[EventDate "2010.10.20"]
[EventType "swiss"]
[EventRounds "11"]
[EventCountry "GRE"]
[Source "lmi"]
[SourceDate "2010.10.20"]

1. e4 c5 2. Nf3 a6 3. c4 e6 4. d4 cxd4 5. Nxd4 Nf6 6. Nc3 d6 7. Bd3 Be7 8. O-O
O-O 9. Be3 Qc7 10. Rc1 b6 11. Qe2 Bb7 12. f4 Nbd7 13. b4 Rac8 14. Kh1 Qb8 15.
Bg1 Qa8 16. Rc2 Ne8 17. Nf3 Bf6 18. Na4 b5 19. cxb5 Rxc2 20. Qxc2 axb5 21. Nb6
Nxb6 22. Bxb6 g6 23. Bd4 Bxd4 24. Nxd4 Nf6 25. Nxb5 Bxe4 26. Bxe4 Nxe4 27. Re1
d5 28. a4 Qb8 29. Qc7 Nf2+ 30. Kg1 Nd3 31. Rb1 Nxf4 32. Qxb8 Rxb8 33. Kf2 e5
34. g3 Ne6 35. Nc3 d4 36. Nd5 Kf8 37. b5 e4 38. a5 Nc5 39. b6 Rd8 40. Nc7 e3+
41. Kf3 Nd3 42. a6 Ne5+ 43. Ke4 e2 44. a7 d3 45. Ke3 Nc4+ 46. Kf2 Nxb6 47. Nd5
Rxd5 48. Rxb6 Rf5+ 49. Kg2 e1=Q 50. a8=Q+ Kg7 51. g4 Qf2+ 0-1